{"text_format":"3","workbook":"xlsx","n_sheets":1,"sheets":["Sheet 1"],"read":"whole","date_system":"1900"}

{"sheet":"Sheet 1","index":0,"n_rows":21,"n_cols":19,"rows_kept":21}
["№","Район","Предмет","Код ОО","Наименование ОО","Фамилия","Имя","Отчество","Дата рождения","Пол","Участник с ОВЗ (да/нет)","Класс обучения","Класс участия","Балл","Максимальный балл","Статус","Призёр муниципального этапа прошлого года","ФИО учителя","Место работы учителя"]
[330108,"Ютазинский район","Физическая культура",530004,"Муниципальное бюджетное общеобразовательное учреждение «Уруссинская гимназия» Ютазинского муниципального района Республики Татарстан","Казакова","Александра","Михйловна",39898,"Ж","нет",7,7,86,100,"победитель","да","Смоленцев Глеб Юрьевич","МБОУ \"Уруссинская гимназия\" Ютазинского муниципального района Республики Татарстан"]
[330191,"Ютазинский район","Физическая культура",530004,"Муниципальное бюджетное общеобразовательное учреждение «Уруссинская гимназия» Ютазинского муниципального района Республики Татарстан","Султанбеков","Амирхан","Тимурович",39951,"М","нет",7,7,96,100,"победитель","да","Смоленцев Глеб Юрьевич","МБОУ \"Уруссинская гимназия\" Ютазинского муниципального района Республики Татарстан"]
[330195,"Ютазинский район","Физическая культура",530004,"Муниципальное бюджетное общеобразовательное учреждение «Уруссинская гимназия» Ютазинского муниципального района Республики Татарстан","Султанбеков","Ратмир","Тимурович",39856,"М","нет",7,7,90,100,"призёр","да","Смоленцев Глеб Юрьевич","МБОУ \"Уруссинская гимназия\" Ютазинского муниципального района Республики Татарстан"]
[330202,"Ютазинский район","Физическая культура",530004,"Муниципальное бюджетное общеобразовательное учреждение «Уруссинская гимназия» Ютазинского муниципального района Республики Татарстан","Макуев","Артур","Русланович",39836,"М","нет",7,7,85,100,"призёр","нет","Смоленцев Глеб Юрьевич","МБОУ \"Уруссинская гимназия\" Ютазинского муниципального района Республики Татарстан"]
[330210,"Ютазинский район","Физическая культура",530004,"Муниципальное бюджетное общеобразовательное учреждение «Уруссинская гимназия» Ютазинского муниципального района Республики Татарстан","Галиева","Диляра","Динаровна",39549,"Ж","нет",8,8,87,100,"победитель","да","Ахметова Елена Александровна","МБОУ \"Уруссинская гимназия\" Ютазинского муниципального района Республики Татарстан"]
[330252,"Ютазинский район","Физическая культура",530004,"Муниципальное бюджетное общеобразовательное учреждение «Уруссинская гимназия» Ютазинского муниципального района Республики Татарстан","Нигматуллин","Радмил","Русланович",39631,"М","нет",8,8,86,100,"победитель","да","Ахметова Елена Александровна","МБОУ \"Уруссинская гимназия\" Ютазинского муниципального района Республики Татарстан"]
[330267,"Ютазинский район","Физическая культура",530004,"Муниципальное бюджетное общеобразовательное учреждение «Уруссинская гимназия» Ютазинского муниципального района Республики Татарстан","Халитов","Данияр","Альбертович",39602,"М","нет",8,8,82,100,"призёр","да","Ахметова Елена Александровна","МБОУ \"Уруссинская гимназия\" Ютазинского муниципального района Республики Татарстан"]
[330274,"Ютазинский район","Физическая культура",530004,"Муниципальное бюджетное общеобразовательное учреждение «Уруссинская гимназия» Ютазинского муниципального района Республики Татарстан","Ахмалетдинов","Роман","Русланович",39436,"М","нет",8,8,83,100,"призёр","да","Ахметова Елена Александровна","МБОУ \"Уруссинская гимназия\" Ютазинского муниципального района Республики Татарстан"]
[330276,"Ютазинский район","Физическая культура",530004,"Муниципальное бюджетное общеобразовательное учреждение «Уруссинская гимназия» Ютазинского муниципального района Республики Татарстан","Ахметова","Самира","Дамировна",39301,"Ж","да",9,9,96,100,"победитель","да","Ахметова Елена Александровна","МБОУ \"Уруссинская гимназия\" Ютазинского муниципального района Республики Татарстан"]
[330323,"Ютазинский район","Физическая культура",530004,"Муниципальное бюджетное общеобразовательное учреждение «Уруссинская гимназия» Ютазинского муниципального района Республики Татарстан","Ахметзянова","Айзана","Ильдусовна",39435,"Ж","нет",9,9,90,100,"призёр","да","Ахметова Елена Александровна","МБОУ \"Уруссинская гимназия\" Ютазинского муниципального района Республики Татарстан"]
[330417,"Ютазинский район","Физическая культура",530004,"Муниципальное бюджетное общеобразовательное учреждение «Уруссинская гимназия» Ютазинского муниципального района Республики Татарстан","Фатыхова","Илина","Ильнаровна",39409,"Ж","нет",9,9,84,100,"призёр","нет","Ахметова Елена Александровна","МБОУ \"Уруссинская гимназия\" Ютазинского муниципального района Республики Татарстан"]
[330489,"Ютазинский район","Физическая культура",530004,"Муниципальное бюджетное общеобразовательное учреждение «Уруссинская гимназия» Ютазинского муниципального района Республики Татарстан","Якупова","Айсылу","Данилевна",39415,"Ж","нет",9,9,89,100,"призёр","да","Ахметова Елена Александровна","МБОУ \"Уруссинская гимназия\" Ютазинского муниципального района Республики Татарстан"]
[330515,"Ютазинский район","Физическая культура",530004,"Муниципальное бюджетное общеобразовательное учреждение «Уруссинская гимназия» Ютазинского муниципального района Республики Татарстан","Якупов","Алан","Рузалевич",38835,"М","нет",10,10,95,100,"победитель","да","Ахметова Елена Александровна","МБОУ \"Уруссинская гимназия\" Ютазинского муниципального района Республики Татарстан"]
[330534,"Ютазинский район","Физическая культура",530004,"Муниципальное бюджетное общеобразовательное учреждение «Уруссинская гимназия» Ютазинского муниципального района Республики Татарстан","Ахмадиев","Айдар","Айнурович",38866,"М","нет",10,10,90,100,"призёр","да","Ахметова Елена Александровна","МБОУ \"Уруссинская гимназия\" Ютазинского муниципального района Республики Татарстан"]
[330722,"Ютазинский район","Физическая культура",530004,"Муниципальное бюджетное общеобразовательное учреждение «Уруссинская гимназия» Ютазинского муниципального района Республики Татарстан","Ермолаев","Артем","Викторович",38752,"М","нет",10,10,85,100,"призёр","нет","Ахметова Елена Александровна","МБОУ \"Уруссинская гимназия\" Ютазинского муниципального района Республики Татарстан"]
[330775,"Ютазинский район","Физическая культура",530004,"Муниципальное бюджетное общеобразовательное учреждение «Уруссинская гимназия» Ютазинского муниципального района Республики Татарстан","Халиков","Данис","Салаватович",38728,"М","нет",10,10,84,100,"призёр","да","Ахметова Елена Александровна","МБОУ \"Уруссинская гимназия\" Ютазинского муниципального района Республики Татарстан"]
[330877,"Ютазинский район","Физическая культура",530004,"Муниципальное бюджетное общеобразовательное учреждение «Уруссинская гимназия» Ютазинского муниципального района Республики Татарстан","Родионова ","Юлия","Игоревна",38737,"Ж","нет",10,10,85,100,"победитель","нет","Ахметова Елена Александровна","МБОУ \"Уруссинская гимназия\" Ютазинского муниципального района Республики Татарстан"]
[330900,"Ютазинский район","Физическая культура",530004,"Муниципальное бюджетное общеобразовательное учреждение «Уруссинская гимназия» Ютазинского муниципального района Республики Татарстан","Кашапов","Вильдан","Ильгизович",39018,"М","нет",10,10,80,100,"призёр","нет","Ахметова Елена Александровна","МБОУ \"Уруссинская гимназия\" Ютазинского муниципального района Республики Татарстан"]
[330993,"Ютазинский район","Физическая культура",530004,"Муниципальное бюджетное общеобразовательное учреждение «Уруссинская гимназия» Ютазинского муниципального района Республики Татарстан","Галиева","Элина","Зуфаровна",38704,"Ж","нет",11,11,94,100,"победитель","да","Ахметова Елена Александровна","МБОУ \"Уруссинская гимназия\" Ютазинского муниципального района Республики Татарстан"]
[331009,"Ютазинский район","Физическая культура",530004,"Муниципальное бюджетное общеобразовательное учреждение «Уруссинская гимназия» Ютазинского муниципального района Республики Татарстан","Галиева","Арина","Зуфаровна",38704,"Ж","нет",11,11,93,100,"призёр","да","Ахметова Елена Александровна","МБОУ \"Уруссинская гимназия\" Ютазинского муниципального района Республики Татарстан"]